[Event "ROM-chT"]
[Site "Romania"]
[Date "1992.??.??"]
[Round "?"]
[White "Lazar, Dorin"]
[Black "Dragomirescu, Calin"]
[Result "1-0"]
[WhiteElo "2235"]
[BlackElo "2315"]
[PlyCount "81"]
[EventDate "1992.??.??"]
[EventType "team"]
[EventRounds "9"]
[EventCountry "ROU"]
[SourceTitle "EXT 1997"]
[Source "ChessBase"]
[SourceDate "1996.11.15"]
[SourceVersion "1"]
[SourceVersionDate "1996.11.15"]
[SourceQuality "1"]

1. Nf3 Nf6 2. c4 g6 3. g3 Bg7 4. Bg2 0-0 5. 0-0 d6 6. d4 c6 7. Nc3 a6 8. e4 Nfd7 9. Be3 b5 10. Rc1 bxc4 11. Nd2 Nb6 12. Na4 Nxa4 13. Qxa4 d5 14. exd5 cxd5 15. Nxc4 Bd7 16. Qa3 Bb5 17. Rfd1 Nc6 18. Ne5 Nxe5 19. dxe5 e6 20. Bd4 Rc8 21. Qe3 Qa5 22. a3 Qd8 23. b3 h5 24. a4 Bc6 25. Rc3 Kh7 26. Rdc1 Bb7 27. Rxc8 Bxc8 28. Bb6 Qe8 29. Rc7 Bh6 30. Qc5 Bg5 31. Qd6 h4 32. Bc5 Rh8 33. f4 Bh6 34. Re7 Qg8 35. Qc7 Kg7 36. Bxd5 exd5 37. e6 Bxe6 38. Qe5+ Kh7 39. Qxe6 Bg7 40. Rxf7 Kh6 41. f5 1-0